Československé výzkumné zprávy a disertace 1982

Uložené v:
Podrobná bibliografia
Médium: Kniha
Jazyk:Czech
Vydavateľské údaje: Praha Ústředí vědeckých, technických a ekonomických informací 1982
Tagy: Pridať tag
Žiadne tagy, Buďte prvý, kto otaguje tento záznam!

MARC

LEADER 00000nam a2200000 4500
001 c130293
005 20250613073534.5
041 0 |a cze 
044 |a CZ 
245 1 0 |a Československé výzkumné zprávy a disertace 1982 
264 1 |a Praha  |b Ústředí vědeckých, technických a ekonomických informací  |c 1982 
300 |a 222 s.